| 000 | 00424cam a2200157ua 4500 | ||
|---|---|---|---|
| 041 |
_aeng _h |
||
| 082 |
_a307.762 _bDUB/IN |
||
| 100 | _aDube, S C . | ||
| 245 |
_aIndia`s changing villages:Human factors in community development / _cS C Dube. _hTextual Documents |
||
| 250 |
_a1 / _b. |
||
| 260 |
_aNewYork : _bCornell university press , _c1958. |
||
| 300 | _a225 ; . | ||
| 504 | _a | ||
| 942 | _cBK | ||
| 999 |
_c3183 _d3183 |
||